G15-沈海高速公路途径行政区 - Statistics

General Stats
  • This quiz has been taken 36 times
    34 since last reset
  • The average score is 33 of 43
Answer Stats
Answer % Correct
沈阳
100%
大连
93%
烟台
90%
连云港
87%
盐城
87%
南通
87%
苏州
87%
上海
87%
嘉兴
87%
宁波
87%
台州
87%
温州
87%
营口
83%
青岛
83%
日照
83%
辽阳
80%
鞍山
80%
宁德
80%
福州
80%
莆田
77%
泉州
77%
厦门
77%
湛江
77%
海口
77%
漳州
73%
潮州
73%
汕头
73%
茂名
73%
揭阳
70%
汕尾
70%
揭阳
70%
惠州
70%
深圳
70%
东莞
70%
广州
70%
汕尾
67%
广州
67%
佛山
67%
佛山
67%
江门
63%
阳江
63%
茂名
63%
湛江
60%
No matching quizzes found
Score Distribution
Percent of People with Each Score
Percentile by Number Answered
Your Score History
You have not taken this quiz since the last reset